|
|
|
|
| LEADER |
03517nam a22005775i 4500 |
| 001 |
978-3-642-16573-3 |
| 003 |
DE-He213 |
| 005 |
20151204181410.0 |
| 007 |
cr nn 008mamaa |
| 008 |
101025s2010 gw | s |||| 0|eng d |
| 020 |
|
|
|a 9783642165733
|9 978-3-642-16573-3
|
| 024 |
7 |
|
|a 10.1007/978-3-642-16573-3
|2 doi
|
| 040 |
|
|
|d GrThAP
|
| 050 |
|
4 |
|a QA76.758
|
| 072 |
|
7 |
|a UMZ
|2 bicssc
|
| 072 |
|
7 |
|a UL
|2 bicssc
|
| 072 |
|
7 |
|a COM051230
|2 bisacsh
|
| 082 |
0 |
4 |
|a 005.1
|2 23
|
| 245 |
1 |
0 |
|a Testing Software and Systems
|h [electronic resource] :
|b 22nd IFIP WG 6.1 International Conference, ICTSS 2010, Natal, Brazil, November 8-10, 2010. Proceedings /
|c edited by Alexandre Petrenko, Adenilso Simão, José Carlos Maldonado.
|
| 264 |
|
1 |
|a Berlin, Heidelberg :
|b Springer Berlin Heidelberg,
|c 2010.
|
| 300 |
|
|
|a XII, 267 p. 76 illus.
|b online resource.
|
| 336 |
|
|
|a text
|b txt
|2 rdacontent
|
| 337 |
|
|
|a computer
|b c
|2 rdamedia
|
| 338 |
|
|
|a online resource
|b cr
|2 rdacarrier
|
| 347 |
|
|
|a text file
|b PDF
|2 rda
|
| 490 |
1 |
|
|a Lecture Notes in Computer Science,
|x 0302-9743 ;
|v 6435
|
| 505 |
0 |
|
|a Test Automation with TTCN-3 - State of the Art and a Future Perspective -- A Model-Based Approach to Testing Software for Critical Behavior and Properties -- A Pareto Ant Colony Algorithm Applied to the Class Integration and Test Order Problem -- More Testable Properties -- Alternating Simulation and IOCO -- Reducing the Cost of Model-Based Testing through Test Case Diversity -- Built-In Data-Flow Integration Testing in Large-Scale Component-Based Systems -- Black-Box System Testing of Real-Time Embedded Systems Using Random and Search-Based Testing -- Testing Product Generation in Software Product Lines Using Pairwise for Features Coverage -- Increasing Functional Coverage by Inductive Testing: A Case Study -- FloPSy - Search-Based Floating Point Constraint Solving for Symbolic Execution -- Test Data Generation for Programs with Quantified First-Order Logic Specifications -- Efficient Distributed Test Architectures for Large-Scale Systems -- Generating Models of Infinite-State Communication Protocols Using Regular Inference with Abstraction -- Practical End-to-End Performance Testing Tool for High Speed 3G-Based Networks -- A Learning-Based Approach to Unit Testing of Numerical Software -- From Scenarios to Test Implementations Via Promela -- Vidock: A Tool for Impact Analysis of Aspect Weaving on Test Cases.
|
| 650 |
|
0 |
|a Computer science.
|
| 650 |
|
0 |
|a Software engineering.
|
| 650 |
|
0 |
|a Computer programming.
|
| 650 |
|
0 |
|a Programming languages (Electronic computers).
|
| 650 |
|
0 |
|a Computer logic.
|
| 650 |
|
0 |
|a Mathematical logic.
|
| 650 |
1 |
4 |
|a Computer Science.
|
| 650 |
2 |
4 |
|a Software Engineering/Programming and Operating Systems.
|
| 650 |
2 |
4 |
|a Software Engineering.
|
| 650 |
2 |
4 |
|a Programming Languages, Compilers, Interpreters.
|
| 650 |
2 |
4 |
|a Logics and Meanings of Programs.
|
| 650 |
2 |
4 |
|a Mathematical Logic and Formal Languages.
|
| 650 |
2 |
4 |
|a Programming Techniques.
|
| 700 |
1 |
|
|a Petrenko, Alexandre.
|e editor.
|
| 700 |
1 |
|
|a Simão, Adenilso.
|e editor.
|
| 700 |
1 |
|
|a Maldonado, José Carlos.
|e editor.
|
| 710 |
2 |
|
|a SpringerLink (Online service)
|
| 773 |
0 |
|
|t Springer eBooks
|
| 776 |
0 |
8 |
|i Printed edition:
|z 9783642165726
|
| 830 |
|
0 |
|a Lecture Notes in Computer Science,
|x 0302-9743 ;
|v 6435
|
| 856 |
4 |
0 |
|u http://dx.doi.org/10.1007/978-3-642-16573-3
|z Full Text via HEAL-Link
|
| 912 |
|
|
|a ZDB-2-SCS
|
| 912 |
|
|
|a ZDB-2-LNC
|
| 950 |
|
|
|a Computer Science (Springer-11645)
|